000
00321 a2200157 4500
001
56922
020
_a
8532512054
040
_c
Anchieta - Pituba
100
_a
Applegate, K. A.
240
1
0
_a
O encontro
_l
por
245
1
0
_a
O encontro
300
_a
127
362
0
_a
2001
650
4
_a
Literatura juvenil
942
_c
BK
999
_c
56922
_d
56922